000 00490nam a22001337a 4500
020 _a9789692383707
082 _a891.551,IQB
100 _aIqbal, Allama Muhammad
_95789
245 _aIsrar-e-Khudi :
_bTranslated Book (Manzoom Urdu) /
_cAllama Muhammad Iqbal
_hTranslated by Prof. Muhammad Asghar Ijaz
260 _aRawalpindi
_bAskaria Education System
_c2023
300 _a144 p
650 _aIsrar-e-Khudi (Urdu Version)
_9130786
942 _2ddc
_cBK
_h891.551,IQB
999 _c614967
_d614967